| 000 | 00419nam a22001457a 4500 | ||
|---|---|---|---|
| 003 | URS | ||
| 005 | 20220114172016.0 | ||
| 008 | 190606b xxu||||| |||| 00| 0 eng d | ||
| 050 | 1 | 4 |
_aHD 62.15 _bM969 |
| 100 | 1 |
_aMurugesan, G. _d2011- _eauthor |
|
| 245 | 1 | 0 |
_aTotal quality management / _cMr. G. Murugesan. |
| 264 | 1 |
_aBangalore : _bUniversity Science Press, _c©2011. |
|
| 300 |
_avi, 142 pages : _c24 cm. |
||
| 942 |
_2lcc _cFR |
||
| 999 |
_c15437 _d15437 |
||